000
00209 a2200097 4500
001
42182
100
_a
Par
245
_a
Encyclopedia of World's Com. Aircraft
260
_a
_b
Hamlyn
_c
090
_c
26171
_d
26171
942
_a
NUST-CAE
_c
M
_c
17971
999
_c
277255
_d
277255